Bí mật thành Paris; T1 = Les mystères de Paris

Bewaard in:
Bibliografische gegevens
Hoofdauteur: Eugène Sue
Formaat: Boek
Taal:Undetermined
Gepubliceerd in: Hà Nội Văn Học 1999
Onderwerpen:
Tags: Voeg label toe
Geen labels, Wees de eerste die dit record labelt!
Thư viện lưu trữ: Trung tâm Học liệu Trường Đại học Cần Thơ
LEADER 00591nam a2200181Ia 4500
001 CTU_39571
008 210402s9999 xx 000 0 und d
082 |a 843.9 
082 |b S944/T1 
100 |a Eugène Sue 
245 0 |a Bí mật thành Paris; T1 
245 0 |b = Les mystères de Paris 
245 0 |c Eugène Sue; Dịch giả: Nguyễn Xuân Dương 
260 |a Hà Nội 
260 |b Văn Học 
260 |c 1999 
650 |a french fiction - 20th century ( vietnamese ),french literature -20th century 
980 |a Trung tâm Học liệu Trường Đại học Cần Thơ